Villes de France en S - Statistiques

Statistiques générales
  • Ce quiz a été pris 130 fois
  • Le résultat moyen est 9 sur 15
Statistiques - réponses
Indices Villes % Correct
Préfecture du Bas-Rhin, proche de la frontière allemande Strasbourg
97%
Ville de la Loire, connue pour sa production minière et pour son club de foot jouant en vert. Saint-Etienne
95%
Ville de Seine-Saint-Denis ou encore de la Réunion. Saint-Denis
89%
Sous-préfecture de la Loire-Atlantique, à l'embouchure de la Loire, connu pour sa construction de bateaux. Saint-Nazaire
79%
Ville de l'Aisne, connu pour le fameux vase qui a été brisé par un soldat de Clovis. Soissons
76%
Ville de l'Ille-et-Vilaine, où les plus grandes marées d'Europe se produisent. Saint-Malo
73%
Préfecture des Côtes d'Armor, avec des maisons à pans datant du Moyen-Âge en son centre. Saint-Brieuc
70%
Ville des Ardennes, lieu d'une bataille emblématique de 1870, face à la Prusse. Sedan
68%
Ville de l'Hérault, bordant l'étang de Thau. Sète
65%
Ville la plus peuplée de l'Aisne, située sur la Somme. Saint-Quentin
44%
Sous-préfecture de la Charente-Maritime, où l'on a retrouvé de nombreux vestiges romains. Saintes
43%
Sous-préfecture de l'Yonne, tout proche de l'Île de France. Sens
42%
Ville de l'Oise, près de la forêt de Chantilly où Hugues Capet a été couronné. Senlis
37%
Ville francilienne, ayant vu les premiers grands ensembles se construire. Sarcelles
27%
Plus grande ville de Haute-Marne, siège du groupe hachette après la Deuxième Guerre Mondiale. Saint-Dizier
26%
Aucun quiz correspondant
Distribution des résultats
% des personnes avec chaque résultat
Percentile par nombre de réponses
Votre historique - résultats
Vous n’avez pas pris ce quiz